[Event "Junior Online 4NCL Division 5"]
[Site "online"]
[Date "2020.04.23"]
[Round "2.12"]
[White "Rahman, Faraz"]
[Black "Watkins, Gabby"]
[Result "0-1"]
[WhiteElo "1202"]
[BlackElo "1045"]
[PlyCount "94"]
[EventDate "2020.04.23"]
[WhiteTeam "Harrow Juniors D"]
[BlackTeam "Entangled States"]

1. d4 Nf6 2. c4 e6 3. Nc3 d5 4. c5 b6 5. b4 a5 6. bxa5 Rxa5 7. Nf3 bxc5 8. dxc5
Bxc5 9. e3 O-O 10. Bd2 Bb7 11. Nxd5 Nxd5 12. Bxa5 Nc6 13. Bd2 Qf6 14. Bc4 Ne5
15. Nxe5 Qxe5 16. Bxd5 Qxd5 17. f3 Rd8 18. Rc1 Bb6 19. Bc3 Bxe3 20. Qxd5 Rxd5
21. Rb1 Bb6 22. Rd1 f6 23. Rxd5 Bxd5 24. a3 Kf7 25. Kd2 Bc5 26. Bb4 Bb6 27. Rc1
c6 28. Kd3 g5 29. Ra1 h5 30. a4 c5 31. Bc3 c4+ 32. Kc2 g4 33. fxg4 hxg4 34. g3
Be4+ 35. Kd2 e5 36. a5 Ba7 37. a6 Ke6 38. Bb4 Bc6 39. Bc3 Kd5 40. Kc2 Ke6 41.
Rh1 Bxh1 42. Kb2 Bd4 43. Bxd4 exd4 44. Ka3 d3 45. a7 d2 46. Kb4 d1=Q 47. Kxc4
Qd5+ 0-1

[Event "Junior Online 4NCL Division 5"]
[Site "online"]
[Date "2020.04.23"]
[Round "2.13"]
[White "Wynn, Lewis"]
[Black "Karjodkar, Praneeta"]
[Result "0-1"]
[WhiteElo "966"]
[BlackElo "1232"]
[PlyCount "76"]
[EventDate "2020.04.23"]
[WhiteTeam "Entangled States"]
[BlackTeam "Harrow Juniors D"]

1. e4 e5 2. Nf3 Nc6 3. Bc4 Bc5 4. c3 Nf6 5. d4 Bb6 6. dxe5 Nxe4 7. Qe2 Bxf2+ 8.
Qxf2 Nxf2 9. Kxf2 d5 10. Bb5 a6 11. Bxc6+ bxc6 12. Bg5 Qd7 13. Rd1 h6 14. Bf4
O-O 15. c4 Bb7 16. cxd5 cxd5 17. Nc3 c6 18. Rd2 Qc7 19. g3 Qb6+ 20. Be3 c5 21.
Nxd5 Bxd5 22. Rxd5 Qxb2+ 23. Rd2 Qxa1 24. Bxc5 Rfd8 25. Rxd8+ Rxd8 26. a3 Qb2+
27. Ke3 Qc3+ 28. Kf4 Qxc5 29. h3 g5+ 30. Kf5 Qc2+ 31. Kf6 Qg6+ 32. Ke7 Rd3 33.
Ne1 Re3 34. Nc2 Rxe5+ 35. Kd8 Qf6+ 36. Kc7 Re7+ 37. Kb8 Qd6+ 38. Kc8 Qc7# 0-1

[Event "Junior Online 4NCL Division 5"]
[Site "online"]
[Date "2020.04.23"]
[Round "2.14"]
[White "Valecha, Nikhil"]
[Black "Siddall, George"]
[Result "1-0"]
[WhiteElo "1277"]
[BlackElo "651"]
[PlyCount "59"]
[EventDate "2020.04.23"]
[WhiteTeam "Harrow Juniors D"]
[BlackTeam "Entangled States"]

1. c4 e5 2. Nc3 Nf6 3. g3 Nc6 4. Bg2 Bc5 5. e3 O-O 6. Nge2 d6 7. O-O Bf5 8. d4
exd4 9. exd4 Bb4 10. a3 Bxc3 11. bxc3 d5 12. cxd5 Nxd5 13. Qb3 Be6 14. Nf4 Nxf4
15. Qxb7 Bd5 16. Bxd5 Qxd5 17. Bxf4 g5 18. Bxc7 Na5 19. Qxd5 Rfc8 20. Qxa5 Kf8
21. Qc5+ Kg7 22. Be5+ f6 23. Qe7+ Kg6 24. Qxf6+ Kh5 25. h4 gxh4 26. Qxh4+ Kg6
27. Qg4+ Kf7 28. Qh5+ Kg8 29. Qh6 Re8 30. Qg7# 1-0

[Event "Junior Online 4NCL Division 5"]
[Site "online"]
[Date "2020.04.23"]
[Round "2.15"]
[White "Jayakumar, Bharath"]
[Black "Sapsford, Oliver"]
[Result "1-0"]
[WhiteElo "1255"]
[BlackElo "1359"]
[PlyCount "173"]
[EventDate "2020.04.23"]
[WhiteTeam "Harrow Juniors D"]
[BlackTeam "Entangled States"]

1. d4 e6 2. e4 d5 3. e5 c5 4. c3 Nc6 5. Nf3 Qb6 6. Bd3 cxd4 7. cxd4 Bd7 8. Bc2
Bb4+ 9. Bd2 Bxd2+ 10. Nbxd2 Qxb2 11. Nb3 Qc3+ 12. Qd2 Qxd2+ 13. Nbxd2 Nh6 14.
O-O O-O 15. Ng5 Nxd4 16. Bxh7+ Kh8 17. Kh1 Bb5 18. Rfc1 Ne2 19. Rc7 Nf4 20.
Rxb7 Ba6 21. Rb4 Nd3 22. Bxd3 Bxd3 23. Rd4 Bg6 24. Rc1 Nf5 25. Rg4 Bh5 26. Rf4
Rac8 27. Re1 Bg6 28. Ra4 Rc7 29. Ndf3 Rfc8 30. g4 Ne7 31. Nh4 Be4+ 32. Nxe4
dxe4 33. Raxe4 Nd5 34. f4 Rc1 35. f5 exf5 36. Nxf5 g6 37. Nd6 Rxe1+ 38. Rxe1
Rc2 39. Nxf7+ Kg7 40. e6 Nf6 41. Nd6 Rc6 42. g5 Nd5 43. e7 Nc7 44. e8=Q Nxe8
45. Nxe8+ Kf7 46. Nf6 Rc2 47. a4 Ra2 48. Re4 Ra1+ 49. Kg2 Ra2+ 50. Kf3 Ra3+ 51.
Kf4 Ra1 52. Nd5 Rf1+ 53. Kg3 Rg1+ 54. Kf2 Rd1 55. Rf4+ Kg7 56. Nf6 Rd2+ 57. Kg3
Rd3+ 58. Kg4 Rd1 59. Ne8+ Kg8 60. Rf6 Rg1+ 61. Kh4 Ra1 62. Ra6 Kf7 63. Nf6 Rb1
64. Rxa7+ Ke6 65. Rg7 Rb4+ 66. Ng4 Kf5 67. Rf7+ Ke6 68. Rf6+ Ke7 69. Rxg6 Rxa4
70. Rg7+ Kf8 71. Rb7 Re4 72. Rb8+ Ke7 73. Rb7+ Kd6 74. Kh5 Rf4 75. Rb6+ Kd5 76.
g6 Rf8 77. g7 Rg8 78. Nf6+ Ke5 79. Nxg8 Kf5 80. Ne7+ Ke5 81. g8=Q Kf4 82. Rb5
Ke4 83. Qc4+ Kf3 84. Rb4 Ke3 85. Rb3+ Kf2 86. Qc2+ Kg1 87. Rb1# 1-0

[Event "Junior Online 4NCL Division 5"]
[Site "online"]
[Date "2020.04.23"]
[Round "2.16"]
[White "Watkins, Gabby"]
[Black "Rahman, Faraz"]
[Result "1-0"]
[WhiteElo "1045"]
[BlackElo "1202"]
[PlyCount "71"]
[EventDate "2020.04.23"]
[WhiteTeam "Entangled States"]
[BlackTeam "Harrow Juniors D"]

1. c4 e5 2. g3 Nf6 3. Bg2 c6 4. Nc3 Bb4 5. a3 Bxc3 6. bxc3 O-O 7. d4 d6 8. Bg5
h6 9. Bc1 Bf5 10. Nf3 Nbd7 11. O-O c5 12. Nh4 Be6 13. Bxb7 Rb8 14. Bg2 Bxc4 15.
Re1 Bd5 16. Bh3 Ne4 17. Qd3 Qf6 18. f3 Ng5 19. Bxg5 hxg5 20. Nf5 Be6 21. g4 g6
22. Nxd6 Qh8 23. Bg2 Kg7 24. h3 Qh6 25. Ne4 Rh8 26. Qe3 f6 27. dxe5 Nxe5 28.
Rab1 Rbf8 29. Nxc5 Nxg4 30. fxg4 Bxg4 31. Ne6+ Kf7 32. Nxf8 Rxf8 33. hxg4 Rh8
34. Rb7+ Kg8 35. Qe8+ Qf8 36. Qxg6+ 1-0

[Event "Junior Online 4NCL Division 5"]
[Site "online"]
[Date "2020.04.23"]
[Round "2.17"]
[White "Karjodkar, Praneeta"]
[Black "Wynn, Lewis"]
[Result "1-0"]
[WhiteElo "1232"]
[BlackElo "966"]
[PlyCount "55"]
[EventDate "2020.04.23"]
[WhiteTeam "Harrow Juniors D"]
[BlackTeam "Entangled States"]

1. e4 e5 2. Nf3 Nc6 3. Bc4 Bc5 4. Nc3 Nf6 5. d3 O-O 6. Bg5 h6 7. Bh4 Bb4 8. O-O
Bxc3 9. bxc3 b6 10. d4 exd4 11. cxd4 Rb8 12. d5 Na5 13. Ne5 Nxc4 14. Nxc4 b5
15. Ne3 c6 16. Nf5 Qb6 17. Qf3 cxd5 18. Qg3 g6 19. exd5 d6 20. Ne7+ Kh7 21.
Bxf6 Qc5 22. Rae1 Qxc2 23. Re6 Bxe6 24. dxe6 Qxa2 25. Qg4 Qxe6 26. Qh4 g5 27.
Bxg5 f6 28. Qxh6# 1-0

[Event "Junior Online 4NCL Division 5"]
[Site "online"]
[Date "2020.04.23"]
[Round "2.18"]
[White "Siddall, George"]
[Black "Valecha, Nikhil"]
[Result "0-1"]
[WhiteElo "651"]
[BlackElo "1277"]
[PlyCount "58"]
[EventDate "2020.04.23"]
[WhiteTeam "Entangled States"]
[BlackTeam "Harrow Juniors D"]

1. e4 c5 2. Bc4 Nc6 3. Nf3 g6 4. Nc3 Bg7 5. O-O e6 6. Re1 Nge7 7. Rb1 O-O 8. b3
d5 9. exd5 exd5 10. Bb5 c4 11. bxc4 dxc4 12. Bxc4 Bg4 13. h3 Bf5 14. Bb5 Nd4
15. Nxd4 Bxd4 16. Qe2 Nc6 17. Bxc6 bxc6 18. d3 Bxc3 19. Bd2 Bxd2 20. Qxd2 Re8
21. Rxe8+ Qxe8 22. Qh6 Rb8 23. Rxb8 Qxb8 24. g4 Be6 25. Kg2 Bd5+ 26. Kf1 Qh2
27. Ke2 Bxa2 28. Ke3 Qe5+ 29. Kf3 Bd5# 0-1

[Event "Junior Online 4NCL Division 5"]
[Site "online"]
[Date "2020.04.23"]
[Round "2.21"]
[White "Morrison, Matthew"]
[Black "McIntyre, Jack"]
[Result "0-1"]
[WhiteElo "1217"]
[BlackElo "1376"]
[PlyCount "114"]
[EventDate "2020.04.23"]
[WhiteTeam "Surbiton Juniors B"]
[BlackTeam "Gonzaga College SJ C"]

1. d4 Nf6 2. Nc3 g6 3. e4 Bg7 4. Nf3 d6 5. Bf4 a6 6. Bc4 b5 7. Bd3 Nbd7 8. e5
dxe5 9. dxe5 Ng4 10. O-O Ngxe5 11. Bxe5 Nxe5 12. Nxe5 Bxe5 13. Be4 Qxd1 14.
Raxd1 Ra7 15. Rd2 O-O 16. Re1 Bxc3 17. bxc3 Be6 18. a3 c5 19. h3 Kg7 20. Rb1
Bc4 21. Bd3 Rd8 22. Rdd1 Rad7 23. Ra1 Bxd3 24. cxd3 Rxd3 25. Rxd3 Rxd3 26. Rc1
Kf6 27. c4 bxc4 28. Rxc4 Rxa3 29. Rxc5 a5 30. Kf1 Ra1+ 31. Ke2 Ra2+ 32. Ke3 a4
33. Rc3 a3 34. g4 Ra1 35. Kd2 Ra2+ 36. Kc1 e6 37. f3 Kg5 38. Kb1 Rb2+ 39. Ka1
Rf2 40. Rxa3 Rf1+ 41. Kb2 Rf2+ 42. Kc3 Rxf3+ 43. Kd4 Rxa3 44. Ke5 Rxh3 45. Ke4
Rg3 46. Ke5 Rxg4 47. Kd6 h5 48. Ke5 h4 49. Kd6 h3 50. Ke5 h2 51. Kd6 h1=Q 52.
Ke5 f6+ 53. Kxe6 Qe1+ 54. Kf7 Rh4 55. Kg7 Qe7+ 56. Kg8 Qd7 57. Kf8 Rh8# 0-1

[Event "Junior Online 4NCL Division 5"]
[Site "online"]
[Date "2020.04.23"]
[Round "2.22"]
[White "He, Andrew"]
[Black "White, Alexander"]
[Result "1-0"]
[WhiteElo "1207"]
[BlackElo "1255"]
[PlyCount "51"]
[EventDate "2020.04.23"]
[WhiteTeam "Gonzaga College SJ C"]
[BlackTeam "Surbiton Juniors B"]

1. e4 e5 2. f3 Nf6 3. Bc4 d5 4. exd5 e4 5. Nc3 exf3 6. Nxf3 Bb4 7. O-O Bg4 8.
Re1+ Kf8 9. a3 Bc5+ 10. Kh1 Nh5 11. d4 Ng3+ 12. hxg3 Bxd4 13. Qxd4 Nc6 14. Qxg4
h5 15. Qg5 f6 16. Qg6 Ne7 17. Qe4 f5 18. Qe6 Qe8 19. d6 g6 20. dxe7+ Kg7 21.
Bg5 Rf8 22. Qe5+ Kh7 23. Bf6 Qc6 24. Ng5+ Kh6 25. Bg7+ Kxg5 26. Qf4# 1-0

[Event "Junior Online 4NCL Division 5"]
[Site "online"]
[Date "2020.04.23"]
[Round "2.23"]
[White "Baguley, Rory"]
[Black "Burke, Hugh"]
[Result "1/2-1/2"]
[WhiteElo "1187"]
[BlackElo "977"]
[PlyCount "146"]
[EventDate "2020.04.23"]
[WhiteTeam "Surbiton Juniors B"]
[BlackTeam "Gonzaga College SJ C"]

1. e4 c5 2. Nf3 d6 3. Nc3 a6 4. Be2 Nf6 5. O-O e6 6. d3 Nbd7 7. Bg5 Be7 8. d4
cxd4 9. Nxd4 Qc7 10. Qd3 O-O 11. Qg3 b5 12. Bh6 g6 13. Bxf8 Bxf8 14. Bf3 e5 15.
Nde2 b4 16. Nd5 Nxd5 17. exd5 Qxc2 18. Rfb1 Bb7 19. a3 b3 20. Nc3 Rc8 21. Bd1
Qf5 22. Bxb3 Bg7 23. Qh3 Qxh3 24. gxh3 Nc5 25. Bd1 Nd3 26. Bg4 Rc7 27. Ne2 Bxd5
28. Rd1 Be4 29. Ng3 d5 30. Nxe4 dxe4 31. f3 Nxb2 32. Rd8+ Bf8 33. Rb1 Nc4 34.
Rbb8 f5 35. Rxf8+ Kg7 36. Bxf5 gxf5 37. Rg8+ Kf6 38. Rbf8+ Rf7 39. Rxf7+ Kxf7
40. Rc8 Nxa3 41. Rc7+ Kg6 42. fxe4 fxe4 43. Ra7 Nc4 44. Rxa6+ Kf5 45. Ra4 Nd2
46. Ra7 h5 47. Rd7 Nf3+ 48. Kf2 Nxh2 49. Rf7+ Kg5 50. Rg7+ Kf6 51. Rg2 Nf3 52.
Ke3 Kf5 53. Rf2 h4 54. Rf1 Kg5 55. Rf2 Kf5 56. Rf1 Ke6 57. Rf2 Kd5 58. Rg2 Ne1
59. Rd2+ Nd3 60. Rg2 Nf4 61. Rg4 Ne6 62. Rxh4 Ng5 63. Rh5 Ne6 64. Rh8 Nc5 65.
h4 Ke6 66. h5 Kf6 67. Rg8 Ne6 68. h6 Ng5 69. Rg7 Nf7 70. Rh7 Kg6 71. Rg7+ Kf6
72. Rh7 Kg6 73. Rg7+ Kf6 1/2-1/2

[Event "Junior Online 4NCL Division 5"]
[Site "online"]
[Date "2020.04.23"]
[Round "2.24"]
[White "Ridgway, Charles"]
[Black "Connolly-Eich, Bruno"]
[Result "1-0"]
[WhiteElo "797"]
[BlackElo "1120"]
[PlyCount "57"]
[EventDate "2020.04.23"]
[WhiteTeam "Gonzaga College SJ C"]
[BlackTeam "Surbiton Juniors B"]

1. e4 e5 2. Nf3 Nc6 3. Bc4 Nf6 4. Ng5 d5 5. exd5 Nxd5 6. Nxf7 Kxf7 7. Qf3+ Ke7
8. Bxd5 Be6 9. Bxe6 Kxe6 10. Nc3 Bd6 11. O-O Qf6 12. Qxf6+ Kxf6 13. d3 Rhe8 14.
Be3 Rad8 15. Rad1 Nb4 16. Ne4+ Ke6 17. Nxd6 Rxd6 18. a3 Nxc2 19. Rc1 Nxe3 20.
fxe3 b6 21. Rxc7 Rxd3 22. Rxa7 Rxe3 23. Rxg7 h6 24. Rg6+ Kd7 25. Rxh6 Re2 26.
Rxb6 Rg8 27. g3 Rh8 28. Rf7+ Kd8 29. Rb8# 1-0

[Event "Junior Online 4NCL Division 5"]
[Site "online"]
[Date "2020.04.23"]
[Round "2.25"]
[White "McIntyre, Jack"]
[Black "Morrison, Matthew"]
[Result "1-0"]
[WhiteElo "1376"]
[BlackElo "1217"]
[PlyCount "105"]
[EventDate "2020.04.23"]
[WhiteTeam "Gonzaga College SJ C"]
[BlackTeam "Surbiton Juniors B"]

1. e4 e5 2. Nf3 Nc6 3. Bc4 Nf6 4. Ng5 d5 5. exd5 Na5 6. Bb5+ c6 7. dxc6 Nxc6 8.
Qf3 Bc5 9. O-O O-O 10. Bxc6 bxc6 11. Qxc6 Qd5 12. Qxd5 Nxd5 13. Nf3 Nb4 14. Na3
Bg4 15. Nxe5 Bf5 16. d3 Nd5 17. Nec4 Rae8 18. Be3 Bxe3 19. fxe3 Be6 20. e4 Nf6
21. Nd6 Rd8 22. Nac4 Bxc4 23. Nxc4 Rb8 24. h3 h6 25. Rf5 Rfe8 26. Ra5 Ra8 27.
Re1 Re7 28. Ne3 Rb7 29. b3 a6 30. Nd5 Nxd5 31. exd5 Rb5 32. Rxb5 axb5 33. Ra1
Rd8 34. c4 bxc4 35. dxc4 g5 36. a4 Rb8 37. Ra3 Kg7 38. a5 Ra8 39. a6 Kf6 40. a7
Kf5 41. b4 g4 42. b5 gxh3 43. gxh3 Ke4 44. b6 f5 45. b7 Rxa7 46. Rxa7 f4 47.
b8=Q f3 48. Qe8+ Kf4 49. Rf7+ Kg3 50. Qg8+ Kxh3 51. Rxf3+ Kh4 52. d6 h5 53.
Qg3# 1-0

[Event "Junior Online 4NCL Division 5"]
[Site "online"]
[Date "2020.04.23"]
[Round "2.26"]
[White "White, Alexander"]
[Black "He, Andrew"]
[Result "0-1"]
[WhiteElo "1255"]
[BlackElo "1207"]
[PlyCount "38"]
[EventDate "2020.04.23"]
[WhiteTeam "Surbiton Juniors B"]
[BlackTeam "Gonzaga College SJ C"]

1. e4 c5 2. d4 cxd4 3. Qxd4 Nc6 4. Qc5 d6 5. Qg5 Nf6 6. Bb5 h6 7. Qf4 e5 8. Qd2
Bd7 9. Qd1 Nxe4 10. h4 Qa5+ 11. Bd2 Nxd2 12. Nxd2 Qxb5 13. Ne4 Qb4+ 14. c3
Qxe4+ 15. Ne2 Bg4 16. f3 Qe3 17. fxg4 Be7 18. g5 hxg5 19. hxg5 Rxh1# 0-1

[Event "Junior Online 4NCL Division 5"]
[Site "online"]
[Date "2020.04.23"]
[Round "2.27"]
[White "Burke, Hugh"]
[Black "Baguley, Rory"]
[Result "1-0"]
[WhiteElo "977"]
[BlackElo "1187"]
[PlyCount "95"]
[EventDate "2020.04.23"]
[WhiteTeam "Gonzaga College SJ C"]
[BlackTeam "Surbiton Juniors B"]

1. e4 e5 2. Bc4 Nf6 3. d3 Nc6 4. Nc3 Bb4 5. f4 exf4 6. Bxf4 O-O 7. Nf3 d6 8. h3
Be6 9. Bb3 Bxb3 10. axb3 Re8 11. O-O Bc5+ 12. Kh1 Nh5 13. Bh2 Ne5 14. Nxe5 dxe5
15. Qxh5 g6 16. Qg4 h5 17. Qf3 Re6 18. Rad1 Rf6 19. Qxf6 Qxf6 20. Rxf6 Be7 21.
Bxe5 Bxf6 22. Bxf6 Re8 23. Bd4 b6 24. Nb5 c5 25. Bf2 a6 26. Nc7 Re5 27. Nxa6 f5
28. Re1 fxe4 29. Rxe4 Rd5 30. Nc7 Rd7 31. Ne6 Rf7 32. Be3 Rf1+ 33. Kh2 Rb1 34.
d4 Rxb2 35. dxc5 bxc5 36. Bxc5 Rxc2 37. b4 Kf7 38. Nf4 Kf6 39. Kg3 Rc3+ 40. Re3
Rc4 41. Kf3 g5 42. Ne2 g4+ 43. hxg4 hxg4+ 44. Kg3 Kf5 45. Kh2 Kg5 46. Re8 Kh4
47. Re5 Rxc5 48. g3# 1-0

[Event "Junior Online 4NCL Division 5"]
[Site "online"]
[Date "2020.04.23"]
[Round "2.28"]
[White "Connolly-Eich, Bruno"]
[Black "Ridgway, Charles"]
[Result "0-1"]
[WhiteElo "1120"]
[BlackElo "797"]
[PlyCount "130"]
[EventDate "2020.04.23"]
[WhiteTeam "Surbiton Juniors B"]
[BlackTeam "Gonzaga College SJ C"]

1. e4 e5 2. Nf3 Nc6 3. Bc4 Nd4 4. Nxd4 exd4 5. O-O Nf6 6. Qe1 Be7 7. c3 dxc3 8.
bxc3 O-O 9. Bb2 d6 10. Na3 Be6 11. Bxe6 fxe6 12. c4 c6 13. Rc1 d5 14. cxd5 exd5
15. exd5 cxd5 16. Bxf6 Bxf6 17. Nb5 a6 18. Nc3 Re8 19. Qd1 d4 20. Na4 b5 21.
Nc5 Rc8 22. g3 Be7 23. Nxa6 Qa5 24. Rxc8 Rxc8 25. Qe1 Bf6 26. Qe6+ Kf8 27.
Qxc8+ Kf7 28. Qb7+ Kg6 29. Re1 Qxa2 30. d3 Qd2 31. Rf1 Qxd3 32. Nc7 Qc4 33.
Qxb5 Qxc7 34. Qb1+ Kf7 35. Qb3+ Kf8 36. Ra1 Qc6 37. Ra7 Qe8 38. Qb4+ Kg8 39.
Kg2 Qe4+ 40. Kh3 Qf5+ 41. Kg2 h6 42. Qd2 Qc5 43. Ra5 Qc6+ 44. Kf1 Qc4+ 45. Kg1
d3 46. Ra2 Bg5 47. Qb2 Bf6 48. Qd2 Bg5 49. Qb2 d2 50. Qb1 Qc1+ 51. Qxc1 dxc1=Q+
52. Kg2 Qc6+ 53. Kg1 Qc4 54. Ra4 Qxa4 55. f4 Bxf4 56. Kf1 Bxg3 57. Kg1 Bxh2+
58. Kf1 Qa2 59. Ke1 Kf7 60. Kd1 Ke7 61. Kc1 Kd6 62. Kd1 Kd5 63. Ke1 Ke4 64. Kd1
Kd3 65. Ke1 Qe2# 0-1

[Event "Junior Online 4NCL Division 5"]
[Site "online"]
[Date "2020.04.23"]
[Round "2.31"]
[White "Jardzioch, Ernest"]
[Black "Gohil, Shayan"]
[Result "1-0"]
[WhiteElo "1090"]
[BlackElo "1390"]
[PlyCount "55"]
[EventDate "2020.04.23"]
[WhiteTeam "St Albans Early Knights 4"]
[BlackTeam "Brentwood 2"]

1. e4 e5 2. Nf3 Nc6 3. Nc3 Bb4 4. Bb5 Nf6 5. Bxc6 bxc6 6. O-O Ba6 7. Re1 Bc5 8.
d4 exd4 9. Nxd4 O-O 10. e5 Nd5 11. Nxd5 cxd5 12. c3 Re8 13. Qg4 h6 14. Bxh6 g6
15. Nf5 d6 16. b4 Bb6 17. exd6 Rxe1+ 18. Rxe1 cxd6 19. h4 Qc7 20. h5 Qxc3 21.
hxg6 Qxe1+ 22. Kh2 Qe5+ 23. f4 Qf6 24. gxf7+ Kh7 25. f8=Q Qg6 26. Qe7+ Kh8 27.
Qxg6 Bd4 28. Qeh7# 1-0

[Event "Junior Online 4NCL Division 5"]
[Site "online"]
[Date "2020.04.23"]
[Round "2.32"]
[White "Omoruyi, Jaden"]
[Black "Booy, Robbie"]
[Result "1-0"]
[WhiteElo "1217"]
[BlackElo "1075"]
[PlyCount "109"]
[EventDate "2020.04.23"]
[WhiteTeam "Brentwood 2"]
[BlackTeam "St Albans Early Knights 4"]

1. d4 e6 2. c4 d6 3. Nf3 Nc6 4. Nc3 d5 5. Bf4 e5 6. Nxe5 Nxe5 7. Bxe5 dxc4 8.
e4 f6 9. Bg3 Be6 10. d5 Bd7 11. Bxc4 Qe7 12. Qb3 O-O-O 13. O-O Kb8 14. Ba6 Qb4
15. Qxb4 Bxb4 16. Be2 Ne7 17. Rac1 a6 18. Nd1 Bd2 19. Rc2 Bg5 20. Bxc7+ Ka7 21.
Bxd8 Rxd8 22. f4 Ba4 23. Rc1 Bh6 24. b3 Bd7 25. Rc7 Ng6 26. f5 Nf4 27. Bc4 Bb5
28. Bxb5 axb5 29. Nc3 b4 30. Nd1 g6 31. g3 Nd3 32. Nf2 Ne5 33. Rxh7 Bf8 34.
fxg6 Nxg6 35. Nd3 f5 36. exf5 Ne5 37. Nxe5 Bc5+ 38. Kg2 Rxd5 39. Nc6+ Kb6 40.
Ne7 Rd7 41. f6 Bd6 42. f7 Bxe7 43. f8=Q Bxf8 44. Rxd7 Kc5 45. Rxf8 Kb5 46. Rf5+
Ka6 47. Rd6+ Ka7 48. Ra5+ Kb8 49. Rd7 Kc8 50. Rh7 Kb8 51. Rb5 Ka8 52. Rxb4 Ka7
53. Rbxb7+ Ka8 54. Rbg7 Kb8 55. Rg8# 1-0

[Event "Junior Online 4NCL Division 5"]
[Site "online"]
[Date "2020.04.23"]
[Round "2.33"]
[White "Saporenkova, Rita"]
[Black "Cheema, Dilsher"]
[Result "0-1"]
[WhiteElo "1000"]
[BlackElo "917"]
[PlyCount "138"]
[EventDate "2020.04.23"]
[WhiteTeam "St Albans Early Knights 4"]
[BlackTeam "Brentwood 2"]

1. e4 e5 2. Bc4 Nc6 3. Qf3 Qf6 4. Qxf6 Nxf6 5. Nc3 Bc5 6. Nf3 d6 7. O-O O-O 8.
Ng5 Nd8 9. d3 c6 10. a3 Be6 11. Bxe6 Nxe6 12. Nxe6 fxe6 13. b4 Bd4 14. Bb2 Bxc3
15. Bxc3 d5 16. f3 d4 17. Bd2 b6 18. c3 c5 19. c4 a6 20. bxc5 bxc5 21. Rab1
Rfb8 22. Rxb8+ Rxb8 23. h4 Rb3 24. a4 Rxd3 25. Bg5 Rc3 26. g4 Rxc4 27. Ra1 Rc3
28. Kg2 Rc2+ 29. Kg3 Rc3 30. h5 Nxe4+ 31. Kh3 Nxg5+ 32. Kh4 Nxf3+ 33. Kh3 Ng5+
34. Kg2 h6 35. Rb1 Kf7 36. Rb7+ Kf6 37. Rb6 Rc4 38. Rxa6 Rb4 39. a5 Ra4 40. Ra8
c4 41. Rf8+ Ke7 42. Ra8 c3 43. Ra7+ Kf6 44. a6 c2 45. Rc7 Rxa6 46. Rxc2 Rd6 47.
Rd2 g6 48. Rf2+ Kg7 49. hxg6 Kxg6 50. Rd2 h5 51. gxh5+ Kxh5 52. Kg3 Ne4+ 53.
Kf3 Nxd2+ 54. Ke2 Nc4 55. Kd3 Nb2+ 56. Ke4 d3 57. Kxe5 Rd8 58. Kxe6 d2 59. Ke7
d1=Q 60. Kf7 Rd7+ 61. Kf6 Qf3+ 62. Ke6 Qd5+ 63. Kf6 Rd6+ 64. Ke7 Qe6+ 65. Kf8
Qf6+ 66. Ke8 Re6+ 67. Kd7 Re5 68. Kc7 Re7+ 69. Kd8 Qf8# 0-1

[Event "Junior Online 4NCL Division 5"]
[Site "online"]
[Date "2020.04.23"]
[Round "2.34"]
[White "Measday, Austin"]
[Black "Owladi, Maya"]
[Result "1/2-1/2"]
[WhiteElo "925"]
[BlackElo "842"]
[PlyCount "132"]
[EventDate "2020.04.23"]
[WhiteTeam "Brentwood 2"]
[BlackTeam "St Albans Early Knights 4"]

1. e4 e5 2. Qh5 Nf6 3. Qf3 Nc6 4. g4 Bc5 5. g5 Nxe4 6. Bc4 O-O 7. Bxf7+ Rxf7 8.
Qxe4 Bxf2+ 9. Ke2 Qxg5 10. Kd3 b6 11. h4 Ba6+ 12. Kc3 Qg3+ 13. d3 Be1+ 14. Kb3
Nd4+ 15. Ka4 Rf4 16. Qxe5 Ne2+ 17. b4 Nxc1 18. Ne2 b5+ 19. Ka5 Bb7 20. Nxg3
Bxg3 21. h5 Rf3 22. h6 Bxe5 23. Rxc1 Bxa1 24. Nd2 Rf2 25. Ne4 Rf5 26. Rxa1 gxh6
27. Nf6+ Rxf6 28. Rg1+ Kf7 29. d4 Ra6+ 30. Kxb5 Rb6+ 31. Kc4 Ba6+ 32. b5 Rc6+
33. Kd5 Bxb5 34. Ke5 Rd6 35. Kf5 Rd5+ 36. Kf4 Rxd4+ 37. Kf3 Bc6+ 38. Ke3 Rc4
39. Kd2 Be4 40. Rg4 Rxc2+ 41. Ke3 Rc4 42. Rxe4 Rxe4+ 43. Kxe4 Re8+ 44. Kd4 d6
45. Kd3 c5 46. Kc4 Re4+ 47. Kb5 c4 48. Kb4 d5 49. Ka3 c3 50. Kb3 Rc4 51. Kc2 d4
52. Kd3 c2 53. Kxc4 c1=Q+ 54. Kxd4 Qc2 55. Ke3 Qxa2 56. Ke4 Qd2 57. Kf5 Qe3 58.
Kg4 Qf2 59. Kh5 Kg7 60. Kg4 Qe3 61. Kf5 Qd4 62. Ke6 Qc5 63. Kd7 Qb6 64. Ke7 Qc6
65. Kd8 Qb7 66. Ke8 Qc7 1/2-1/2

[Event "Junior Online 4NCL Division 5"]
[Site "online"]
[Date "2020.04.23"]
[Round "2.35"]
[White "Gohil, Shayan"]
[Black "Jardzioch, Ernest"]
[Result "1-0"]
[WhiteElo "1390"]
[BlackElo "1090"]
[PlyCount "119"]
[EventDate "2020.04.23"]
[WhiteTeam "Brentwood 2"]
[BlackTeam "St Albans Early Knights 4"]

1. e4 e5 2. Nf3 Nc6 3. d4 exd4 4. Nxd4 Bc5 5. c3 d5 6. Bb5 dxe4 7. Nxc6 bxc6 8.
Bxc6+ Bd7 9. Bxa8 Qxa8 10. O-O Nf6 11. Re1 Bg4 12. Qd2 O-O 13. Qg5 Be7 14. Bf4
Re8 15. Be5 Qd8 16. Na3 h6 17. Qh4 c5 18. Bxf6 Bxf6 19. Qxg4 Qe7 20. Rad1 g6
21. Nc4 h5 22. Qe2 Bg7 23. Nd6 Rd8 24. Nc4 Rxd1 25. Rxd1 f5 26. Rd6 Be5 27.
Rxg6+ Bg7 28. f3 Qf7 29. Ne5 Qe8 30. f4 c4 31. Qxc4+ Kh8 32. Nf7+ Kh7 33. Rg4
e3 34. Ng5+ Kh6 35. Qa6+ Qg6 36. Qxg6+ Kxg6 37. Rg3 e2 38. Re3 h4 39. Rxe2 h3
40. Nxh3 Bf6 41. Re6 a5 42. b4 axb4 43. cxb4 Kf7 44. Ra6 Bd4+ 45. Kf1 Bc3 46.
b5 Bd4 47. Ng5+ Kg7 48. Ne6+ Kh6 49. Nxd4+ Kh5 50. b6 Kg4 51. Nxf5 Kxf5 52. b7
Kg4 53. g3 Kh3 54. b8=Q Kxh2 55. Rh6+ Kxg3 56. Qg8+ Kxf4 57. Re6 Kf3 58. Qf7+
Kg3 59. Rg6+ Kh2 60. Qh7# 1-0

[Event "Junior Online 4NCL Division 5"]
[Site "online"]
[Date "2020.04.23"]
[Round "2.36"]
[White "Booy, Robbie"]
[Black "Omoruyi, Jaden"]
[Result "0-1"]
[WhiteElo "1075"]
[BlackElo "1217"]
[PlyCount "92"]
[EventDate "2020.04.23"]
[WhiteTeam "St Albans Early Knights 4"]
[BlackTeam "Brentwood 2"]

1. e4 e5 2. f3 Nf6 3. Nc3 Bc5 4. a3 a5 5. d3 Nc6 6. Bg5 b6 7. Nb5 Bb7 8. d4
Nxd4 9. Nxd4 Bxd4 10. c3 Bc5 11. Ne2 h6 12. Bh4 g5 13. Bg3 Qe7 14. Bxe5 Qxe5
15. f4 gxf4 16. Nd4 Bxd4 17. cxd4 Qxe4+ 18. Be2 Rg8 19. O-O O-O-O 20. Bf3 Qe7
21. Re1 Qd6 22. Bxb7+ Kxb7 23. Qf3+ c6 24. d5 Nxd5 25. Rad1 Rde8 26. Rxe8 Rxe8
27. Qd3 Qe5 28. Qf1 Qxb2 29. Rb1 Qxa3 30. Qd1 Qc3 31. Rb3 Re1+ 32. Kf2 Rxd1 33.
Rxc3 Nxc3 34. Kf3 Nd5 35. h4 Rf1+ 36. Ke2 Rh1 37. Kf3 a4 38. Kg4 a3 39. h5 a2
40. Kf5 a1=Q 41. Ke4 Re1+ 42. Kf5 Qe5+ 43. Kg4 Nf6+ 44. Kf3 Re3+ 45. Kf2 Re2+
46. Kf3 Qe3# 0-1

[Event "Junior Online 4NCL Division 5"]
[Site "online"]
[Date "2020.04.23"]
[Round "2.37"]
[White "Cheema, Dilsher"]
[Black "Saporenkova, Rita"]
[Result "0-1"]
[WhiteElo "917"]
[BlackElo "1000"]
[PlyCount "74"]
[EventDate "2020.04.23"]
[WhiteTeam "Brentwood 2"]
[BlackTeam "St Albans Early Knights 4"]

1. e4 e5 2. Nf3 Nc6 3. Nc3 Nf6 4. Bc4 Bc5 5. d3 Ng4 6. O-O Nxf2 7. Rxf2 Bxf2+
8. Kxf2 d6 9. Be3 O-O 10. Qd2 a6 11. Rf1 b5 12. b3 bxc4 13. dxc4 Nb4 14. Nd5
Nxd5 15. exd5 e4 16. Nd4 Qf6+ 17. Nf3 exf3 18. gxf3 Qh4+ 19. Ke2 Qxh2+ 20. Rf2
Qh5 21. Rg2 Bf5 22. Qc3 f6 23. Qd2 Rf7 24. Ke1 Qh1+ 25. Kf2 Qh4+ 26. Kf1 Bh3
27. Bf2 Qh5 28. Kg1 Bxg2 29. Kxg2 Qg6+ 30. Bg3 h5 31. Kh3 Qf5+ 32. Kh4 g6 33.
Bxd6 cxd6 34. Qh6 Rh7 35. Qxh7+ Kxh7 36. b4 Qxf3 37. b5 Qg4# 0-1